00425 2200169 4500001002100000005001500021035002000036007000300056008004100059020001800100082001000118084002000128100001600148245003900164260003600203990001600239INLIS00000000000231120260306111236 a0010-0326000259ta260306 0  a9786231892133 a2x9.4 a2x9.4 RIZ s c.10 aRizem Aizid1 aSELAYANG PANDANG DINASTI ABBASIYAH ayogyakarta :bDIVA Press,c2023 a2026/h/0383